|
|
|
|
| LEADER |
00000nam0a2200000 4500 |
| 001 |
274474 |
| 005 |
20231101234730.0 |
| 020 |
|
|
|a RU
|b 85-49273
|
| 035 |
|
|
|a (RuTPU)RU\TPU\book\297684
|
| 090 |
|
|
|a 274474
|
| 100 |
|
|
|a 20141105d1984 km y0rusy5003 ca
|
| 101 |
0 |
|
|a rus
|
| 102 |
|
|
|a RU
|
| 105 |
|
|
|a a z 000zy
|
| 200 |
1 |
|
|a История геологического развития Южного Урала и Приуралья
|e сборник статей
|f Академия наук СССР (АН СССР), Башкирский филиал (БФ), Институт геологии (ИГ) ; под ред. А. П. Рождественского
|
| 210 |
|
|
|a Уфа
|c Изд-во БФАН СССР
|d 1984
|
| 215 |
|
|
|a 75 с.
|c ил.
|
| 606 |
1 |
|
|a Геология
|y Урал
|2 stltpush
|3 (RuTPU)RU\TPU\subj\69966
|9 84574
|
| 610 |
1 |
|
|a южный Урал
|
| 610 |
1 |
|
|a Приуралье
|
| 610 |
1 |
|
|a геологическое развитие
|
| 610 |
1 |
|
|a история
|
| 610 |
1 |
|
|a нефтегазонакопление
|
| 610 |
1 |
|
|a происхождение
|
| 675 |
|
|
|a 55(470.5)(09)
|z rus
|v 3
|
| 702 |
|
1 |
|a Рождественский
|b А. П.
|g Александр Петрович
|4 340
|
| 712 |
0 |
2 |
|a Академия наук СССР (АН СССР)
|b Башкирский филиал (БФ)
|b Институт геологии (ИГ)
|c (Уфа)
|c (1968-1988)
|2 stltpush
|3 (RuTPU)RU\TPU\col\10647
|
| 801 |
|
0 |
|a RU
|b RuMRKP
|c 19950704
|g psbo
|
| 801 |
|
1 |
|a RU
|b 63413507
|c 20141105
|
| 801 |
|
2 |
|a RU
|b 63413507
|c 20170120
|g RCR
|
| 942 |
|
|
|c BK
|